000 00610nam a2200229Ia 4500
003 IIN
005 20250412124856.0
008 250412s9999 xx d 001 0 eng d
020 _cRs.395.00
_a9789356965140
040 _aIIN
_bEnglish
082 _a610.73072
_bIND
100 1 _aIndrani, T.K.
245 1 _aResearch Methodology for Nurses
_cT.K. Indrani and Alisha Talwar
250 _a2nd ed.
260 _bJaypee
_aNew Delhi
_c2025
300 _axviii, 267 p.
_bill.
500 _aIncludes Index
650 1 _aResearch
650 1 _aResearch Methodology
700 _aTalwar, Alisha
942 _cBOOK
999 _c1751
_d1751